000
00372nam a2200145Ia 4500
008
231129s1992||||xx |||||||||||||| ||spa||
020
_a
84-7583-352-7
040
_b
spa
082
_a
R 612.6 T677v
100
_a
Tordjman Gilbert
245
0
_a
La vida sexual de los niƱos
260
_c
1992
264
_a
Folio
942
_2
ddc
_c
BKS
999
_c
18480
_d
18480